[Event "20th Dubai Open 2018"]
[Site "Dubai"]
[Date "2018.04.07"]
[Round "5"]
[White "Santiago, Yago De Moura"]
[Black "Mareco, Sandro"]
[Result "1-0"]
[WhiteElo "2476"]
[BlackElo "2645"]
[Annotator "TA"]
[PlyCount "91"]
[EventDate "2018.??.??"]
[EventType "swiss"]
[EventCountry "UAE"]
[SourceTitle "playchess.com"]
[Source "ChessBase"]
[SourceQuality "1"]

{[%evp 13,91,12,18,4,0,-5,0,-9,5,0,5,0,11,0,25,-10,45,-23,0,0,74,70,86,26,25,25,33,27,34,0,0,0,75,64,54,0,0,0,0,0,30,37,38,31,142,139,141,140,117,112,145,78,302,280,294,300,294,276,541,539,622,606,530,423,432,431,411,411,912,893,889,874,1922,1773,29981,29981,29990,29991,29992,29983]} 1. c4 e5 2. Nc3 Bb4 3. Nd5 Bc5 4. Nf3 c6 5. Nc3 d6 6. e3 {A21: English Opening: 1...e5 2 Nc3} Bb4 7. Qc2 Nf6 {LiveBook: 8 Games} 8. b3 $146 {[%cal Bb2b3,Bb3b4,Bb4b5,Bb5c6][%mdl 32] The position is equal.} ({Predecessor:} 8. a3 Bxc3 9. Qxc3 O-O 10. d3 Re8 11. Be2 e4 12. Nd2 d5 {½-½ (59) Topalov,V (2761)-Anand,V (2770) Leuven 2016}) 8... O-O 9. Bb2 Re8 10. a3 Ba5 11. b4 Bc7 12. Be2 Nbd7 13. d4 Qe7 14. h3 Nf8 (14... Nb6 $11) 15. g4 ({Better is} 15. d5 $14) 15... a5 16. b5 Ne6 {[#]} (16... h6 $11) 17. d5 $1 $16 {[%cal Rd5e6]} Nc5 18. g5 (18. dxc6 $16 bxc6 19. bxc6) 18... Nfd7 $1 $11 19. dxc6 bxc6 20. bxc6 Nb6 21. Nd5 Nxd5 22. cxd5 g6 (22... Rb8 $11 {keeps the balance.}) 23. e4 $36 {[%mdl 2048] White fights for an advantage.} Rb8 {next ...Nxe4 is good for Black.} 24. Bc3 (24. Bc1 $1 $14) 24... f5 $11 25. gxf6 $1 Qxf6 26. Bd2 Rf8 {White must now prevent ...Ba6.} 27. Bg5 Qf7 {And now ...Ba6 would win.} 28. Be3 $1 {[%cal Re3c5]} Nb3 ({Black should play} 28... a4 $1 $14) 29. Rb1 $16 a4 {[#]} 30. O-O $1 Bb6 31. Kg2 Qa7 32. Qc3 (32. Bh6 $142 Rf7 33. Qd3) 32... Ba6 $2 (32... Bd4 $16) 33. Bxa6 $18 Qxa6 34. Bxb6 Rxb6 35. Ng5 Rbb8 $2 (35... Nd4 {keeps fighting.} 36. Rxb6 Qxb6) 36. Ne6 Rf6 37. Rb2 {[%cal Bb1b2,Bb2c2,Bc2c3][%mdl 32]} Rc8 38. Rc2 Rxe6 39. dxe6 {[%cal Bd5e6,Be6e7][%mdl 32]} Nd4 {[%cal Rc8c6]} 40. Qc4 Qa8 (40... Qxc4 $142 41. Rxc4 Nxe6) 41. e7+ Kg7 42. Rc3 Qa5 43. Rb1 Ne2 {[#]} 44. Rb7 $3 {[%mdl 512] White mates.} Kh6 45. Qxe2 Qxc3 46. Qe3+ {Precision: White = 58%, Black = 30%.} 1-0

[Event "20th Dubai Open 2018"]
[Site "Dubai"]
[Date "2018.04.07"]
[Round "5"]
[White "Karthik, Venkataraman"]
[Black "Flores, Diego"]
[Result "0-1"]
[WhiteElo "2470"]
[BlackElo "2601"]
[Annotator "TA"]
[PlyCount "104"]
[EventDate "2018.??.??"]
[EventType "swiss"]
[EventCountry "UAE"]
[SourceTitle "playchess.com"]
[Source "ChessBase"]
[SourceQuality "1"]

{[%evp 18,104,31,17,31,-25,-31,-16,-34,-25,0,-8,0,-93,-8,-49,-67,-68,-56,-128,-119,-138,-109,-197,-201,-197,-198,-198,-215,-192,-189,-182,-115,-593,-218,-231,-225,-219,-208,-214,-195,-202,-206,-247,-247,-308,-310,-352,-334,-475,-580,-580,-569,-580,-576,-572,-572,-572,-510,-439,-242,-239,-239,-214,-23,-16,0,-753,-673,-925,-551,-1500,-1335,-5097,-4627,-7200,-7200,-5591,-4610,-29965,-7602,-2712,-2411,-2609,-2836,-4018,-2845,-29967,-29959]} 1. e4 e5 2. Nf3 Nc6 3. Bb5 Nf6 4. d3 d6 5. c3 Bd7 6. Nbd2 g6 {C65: Ruy Lopez: Berlin Defence (3...Nf6), unusual lines and 4 0-0 Bc5} 7. Nf1 Bg7 8. Ng3 O-O 9. O-O h6 10. Re1 {LiveBook: 4 Games} Re8 11. d4 (11. Bd2 $14) 11... Nxd4 $11 12. Nxd4 exd4 13. Bxd7 {[#]} Qxd7 $146 ({Predecessor:} 13... Nxd7 14. cxd4 c5 15. Be3 h5 16. f3 Rc8 {0-1 (81) Edouard,R (2594)-Feller,S (2539) France 2009}) 14. cxd4 h5 15. Qf3 (15. f3 $11) 15... Qa4 (15... Qe6 $17 16. Bg5 Nh7) 16. Qd3 c5 17. dxc5 dxc5 18. Bg5 ({Better is} 18. e5 $15) 18... Nh7 $17 19. Qd2 b6 20. b3 (20. Bf4 $17) 20... Qa5 $1 $19 21. Rac1 {and if Qxa5 works, White does fine.} Nxg5 22. Qxg5 Qxa2 23. f4 Qxb3 24. e5 Kh7 (24... Rad8 $19 {White must now prevent ...Rd4.} 25. f5 Rd4 26. fxg6 Rg4 27. gxf7+ Qxf7 28. Qxh5 Qxh5 29. Nxh5 Rxe5 30. Nxg7 Rxe1+ 31. Rxe1 Rxg7) 25. f5 $2 {[%mdl 8192]} (25. Rcd1 $17 {is more resistant.}) 25... Qb2 $2 (25... Bh6 26. Qf6 Bxc1) 26. Nxh5 Rxe5 (26... Bxe5 27. Rxe5 $1 {[%mdl 512]} Qxe5 28. fxg6+ fxg6 29. Nf6+ Kg7 30. Nh5+ Kh7 31. Nf6+ Kg7 32. Nh5+ Kh7 $11) 27. Nxg7 Rxe1+ $40 {[%mdl 128] White is in trouble.} 28. Rxe1 Kxg7 ({Much less strong is} 28... Qxg7 29. fxg6+ Qxg6 30. Qd5 $17) 29. fxg6 {[%mdl 4096] Endgame KQR-KQR} Qf6 ({Not} 29... fxg6 30. Qe7+ Kh8 31. Qh4+ Kg8 32. Qc4+ Kh8 33. Qh4+ Kg7 34. Qe7+ Kg8 35. Qe6+ Kh8 36. Qh3+ Kg7 37. Qd7+ Kh8 38. Qh3+ Kg8 39. Qe6+ Kh8 40. Qxg6 $11) 30. Qg3 fxg6 (30... Qxg6 31. Qc3+ Kf8 32. Qh8+ Qg8 33. Qe5 $11) 31. Rd1 Re8 32. h3 Re7 33. Rd6 (33. Qd3 $142) 33... Qa1+ 34. Kh2 Qe5 35. Rxg6+ Kf7 36. Rc6 b5 37. Qxe5 Rxe5 {KR-KR} 38. Kg3 a5 (38... c4 $142 39. Kf4 Re2) 39. Kf4 Rd5 40. Ke4 {[#]} Rd4+ $2 ({Black should play} 40... Rg5 $1 $19 {aiming for ...a4.} 41. Ra6 Rxg2 42. Rxa5 Rb2) 41. Ke5 $11 Rc4 {Hoping for ...b4.} 42. g4 $2 {[%mdl 8192] [#]} (42. Kd5 $11) 42... b4 $1 $19 43. Rb6 Rc1 44. g5 a4 {[%cal Ba5a4,Ba4a3,Ba3a2][%mdl 32]} 45. g6+ Kg7 46. Kf5 Rf1+ 47. Kg5 Rg1+ 48. Kh5 a3 49. Rb7+ Kf6 50. Rb6+ Kf5 51. Ra6 {[#]} Rxg6 $1 {[%mdl 512]} 52. Rxg6 a2 {Precision: White = 25%, Black = 64%.} 0-1

[Event "20th Dubai Open 2018"]
[Site "Dubai"]
[Date "2018.04.07"]
[Round "5"]
[White "Iniyan, P."]
[Black "Adly, Ahmed"]
[Result "1/2-1/2"]
[WhiteElo "2466"]
[BlackElo "2626"]
[Annotator "TA"]
[PlyCount "61"]
[EventDate "2018.??.??"]
[EventType "swiss"]
[EventCountry "UAE"]
[SourceTitle "playchess.com"]
[Source "ChessBase"]
[SourceQuality "1"]

{[%evp 27,61,-10,-2,0,30,32,21,11,25,13,29,23,52,29,66,71,91,77,108,106,102,110,143,149,149,108,184,181,176,77,91,79,81,33,33,0]} 1. d4 Nf6 2. c4 e6 3. Nc3 d5 4. Bg5 Be7 5. e3 h6 6. Bh4 O-O 7. Nf3 b6 8. Qb3 Bb7 9. Bxf6 Bxf6 10. cxd5 exd5 11. Rd1 Re8 12. Be2 c6 13. O-O Nd7 14. Bd3 {D58: Queen's Gambit Declined: Tartakower Defence} (14. Rfe1 Nf8 15. e4 Ne6 16. e5 Be7 17. Bd3 c5 18. dxc5 Nxc5 19. Qc2 Nxd3 20. Rxd3 Bb4 21. a3 Bxc3 22. Qxc3 Rc8 23. Qd2 Qc7 {1-0 (40) Yilmaz,M (2570)-Batchuluun,T (2499) Moscow 2015}) 14... Nf8 {LiveBook: 10 Games} 15. e4 dxe4 16. Nxe4 {White has an edge.} Bc8 $146 ({Predecessor:} 16... Ne6 17. Bc4 Qe7 18. Nxf6+ Qxf6 19. Ne5 Re7 20. f4 Rd8 21. Qa3 Nxd4 22. Nxf7 Rxf7 23. Qxa7 {½-½ (47) Mglosiek,W-Weigend,J ICCF corr 1984}) 17. Qc4 Bg4 18. Qxc6 Re6 19. Qa4 {[#] Threatens to win with d5!} b5 20. Qxb5 Rb8 21. Qa4 $1 {Black must now prevent d5.} Bxf3 22. gxf3 Rxb2 23. Bc4 Reb6 24. Qxa7 Be7 {next ...Rb7 is good for Black.} 25. Bb3 Ng6 26. Rc1 R6xb3 (26... Kh7 $16) 27. axb3 $18 Rxb3 28. Qc7 (28. Rfd1 $18) 28... Qxd4 $16 29. Rfd1 Qb4 30. Rc3 Nh4 31. Qc4 {Precision: White = 53%, Black = 57%.} 1/2-1/2

[Event "20th Dubai Open 2018"]
[Site "Dubai"]
[Date "2018.04.07"]
[Round "5"]
[White "Laxman, R.R."]
[Black "Sharma, Dinesh K."]
[Result "1/2-1/2"]
[WhiteElo "2441"]
[BlackElo "2261"]
[Annotator "TA"]
[PlyCount "62"]
[EventDate "2018.??.??"]
[EventType "swiss"]
[EventCountry "UAE"]
[SourceTitle "playchess.com"]
[Source "ChessBase"]
[SourceQuality "1"]

{[%evp 24,62,26,18,36,21,30,27,18,2,27,25,33,27,30,18,18,18,18,19,20,16,16,0,0,0,20,0,0,0,23,0,0,0,27,0,0,0,20,0,0]} 1. d4 d5 2. c4 c6 3. cxd5 cxd5 4. Nf3 Nf6 5. Nc3 Nc6 6. Bf4 Bf5 7. e3 e6 8. Qb3 Bb4 9. Ne5 {D14: Slav Defence: Exchange variation with ...Bf5} Qb6 10. Nxc6 bxc6 11. Be2 Ne4 12. f3 Nxc3 13. bxc3 {LiveBook: 23 Games} Be7 14. O-O (14. c4 Qxb3 15. axb3 Bb4+ 16. Kf2 a5 {1-0 (40) Li,C (2741)-Giri,A (2762) Palma de Mallorca 2017}) 14... O-O 15. c4 c5 16. cxd5 Qxb3 17. axb3 {[#] aiming for g4.} exd5 18. dxc5 Bxc5 {[#]} 19. Ra5 $146 Bb6 20. Rxd5 Be6 21. Rd3 Rac8 22. Ra1 Bf5 23. Rd5 Be6 24. Rd3 Bf5 25. Rd5 Be6 26. Rd3 Bf5 27. Rd5 Be6 28. Rd3 Bf5 29. Rd5 Be6 {The position is equal.} 30. Rd3 Bf5 31. Rd5 Be6 {Precision: White = 32%, Black = 95%.} 1/2-1/2

[Event "20th Dubai Open 2018"]
[Site "Dubai"]
[Date "2018.04.07"]
[Round "5"]
[White "Sindarov, Javokhir"]
[Black "Ramaraju, N."]
[Result "1-0"]
[WhiteElo "2431"]
[BlackElo "2175"]
[Annotator "TA"]
[PlyCount "113"]
[EventDate "2018.??.??"]
[EventType "swiss"]
[EventCountry "UAE"]
[SourceTitle "playchess.com"]
[Source "ChessBase"]
[SourceQuality "1"]

{[%evp 14,113,-6,-11,0,-5,-6,-16,4,-15,-12,-29,0,-28,-36,-83,-79,-74,-50,-59,-59,-87,-44,-83,-83,-85,-75,-155,-12,-20,-22,-13,23,23,35,35,35,35,35,35,35,35,35,35,35,35,185,39,162,0,0,0,6,0,12,16,15,0,6,7,19,0,0,0,0,0,0,0,0,0,0,0,0,0,0,0,0,0,0,0,44,62,87,87,87,87,87,87,400,325,1214,1177,1608,1442,966,1430,5063,4386,29988,29989,29989,29990]} 1. e4 e6 2. Qe2 c5 3. Nf3 Nc6 4. g3 g6 5. Bg2 Bg7 6. d3 Nge7 {C00: French: Unusual White 2nd moves} 7. c3 d6 (7... e5 8. a3 a5 9. a4 O-O 10. Na3 d5 11. O-O h6 12. exd5 Nxd5 13. Nd2 b6 {½-½ (26) Ivanchuk,V (2710)-Harikrishna,P (2753) Huaian 2016}) 8. Na3 {[%cal Bb1a3,Ba3c2,Bc2e3][%mdl 32] LiveBook: 3 Games} b6 {The position is equal.} 9. h4 h6 10. O-O O-O 11. Nc2 (11. d4 $5) 11... Ba6 12. Rd1 $146 ({Predecessor:} 12. Re1 Qc7 {½-½ (30) Shabtai,R (2271)-Deutsch,E (2241) Tel Aviv 2002}) 12... Qc7 13. h5 g5 14. Ne3 Rae8 15. Qc2 d5 16. exd5 Nxd5 17. Qa4 {And now Nxd5 would win.} Bb7 (17... Nxe3 {keeps more tension.} 18. Bxe3 Bb7 19. d4 f5 20. dxc5 f4) 18. d4 Nxe3 19. Bxe3 cxd4 (19... f5 {feels hotter.} 20. dxc5 f4 21. gxf4 gxf4 22. cxb6 axb6 23. Bd2 Ne5) 20. Bxd4 (20. cxd4 $142 Ne7 21. Bd2) 20... Nxd4 (20... e5 $17 21. Be3 f5) 21. Nxd4 $11 {Threatens to win with Nb5.} Bxg2 22. Kxg2 Bxd4 23. Rxd4 Qb7+ 24. Kg1 Rd8 25. Rad1 b5 26. Qb3 Rxd4 27. Rxd4 $14 {[%mdl 4096] Endgame KQR-KQR} Rc8 28. Qd1 a6 29. Qd3 Rc4 ({Black should play} 29... Rb8 $14) 30. Rd8+ $18 ({Not} 30. Rxc4 bxc4 31. Qxc4 Qxb2 $11) 30... Kg7 {[#]} 31. b3 $2 (31. Qd6 $1 $18 {[%cal Rd6e5] aiming for Qe5+.} Kf6 32. Rh8) 31... Re4 $11 32. Qd2 Qc7 33. Kg2 Re2 34. Qxe2 Qxd8 {KQ-KQ} 35. c4 Qd4 36. cxb5 Qd5+ 37. Qf3 Qxb5 38. Qe4 a5 39. Qd4+ e5 40. Qe4 Qc5 41. g4 Qc3 42. Qd5 Qe1 43. a3 {[%cal Ba2a3,Ba3b4,Bb4b5,Bb5b6][%mdl 32]} Qe2 44. Qc4 Qe1 45. b4 axb4 46. axb4 Qb1 47. b5 e4 48. Qd4+ Kg8 49. b6 Qb3 {[#]} 50. Kf1 $1 ({But not} 50. Qxe4 Qxb6 51. Qe5 Qb7+ 52. f3 Qb4 $11) 50... Qb5+ $2 {[%mdl 8192]} (50... Qc2 $16 {is a better chance.}) 51. Ke1 $18 Qa6 $2 (51... Qb1+ 52. Kd2 Qb3) 52. Kd2 Qb7 53. Kc3 Qc6+ 54. Kb4 Qc2 55. Kb5 Qd3+ 56. Qxd3 exd3 57. b7 {Precision: White = 51%, Black = 41%.} 1-0

[Event "20th Dubai Open 2018"]
[Site "Dubai"]
[Date "2018.04.07"]
[Round "5"]
[White "Khademalsharieh, Sarasadat"]
[Black "Ghaem Maghami, Ehsan"]
[Result "1/2-1/2"]
[WhiteElo "2424"]
[BlackElo "2523"]
[Annotator "TA"]
[PlyCount "34"]
[EventDate "2018.??.??"]
[EventType "swiss"]
[EventCountry "UAE"]
[SourceTitle "playchess.com"]
[Source "ChessBase"]
[SourceQuality "1"]

{[%evp 33,34,0,43]} 1. d4 Nf6 2. c4 g6 3. g3 Bg7 4. Bg2 O-O 5. Nc3 d6 6. Nf3 Nbd7 7. O-O e5 8. e4 exd4 9. Nxd4 Re8 10. h3 Nc5 11. Re1 a5 12. Rb1 c6 13. b3 Nfd7 14. Be3 Nf6 $146 ({Predecessor:} 14... Ne5 15. Re2 Qe7 16. Qc2 a4 17. f4 axb3 18. axb3 Ned7 19. Bf2 h5 20. b4 Ne6 21. Nxe6 Qxe6 22. Na4 Qf6 23. Be3 {½-½ (43) Markus,R (2630)-Toth,E (2449) Hungary 2018}) 15. Bc1 Nfd7 16. Be3 Nf6 17. Bc1 Nfd7 1/2-1/2

[Event "20th Dubai Open 2018"]
[Site "Dubai"]
[Date "2018.04.07"]
[Round "5"]
[White "Tania, Sachdev"]
[Black "Ma, Lin"]
[Result "1/2-1/2"]
[WhiteElo "2407"]
[BlackElo "2156"]
[Annotator "NA"]
[PlyCount "44"]
[EventDate "2018.??.??"]
[EventType "swiss"]
[EventCountry "UAE"]
[SourceTitle "playchess.com"]
[Source "ChessBase"]
[SourceQuality "1"]
[TimeControl "5400+30"]

1. d4 {[%emt 0:00:00]} Nf6 {[%emt 0:00:10]} 2. c4 {[%emt 0:00:00]} g6 {[%emt 0:00:05]} 3. Nc3 {[%emt 0:00:00]} d5 {[%emt 0:00:06]} 4. Bg5 {[%emt 0:00:00]} Ne4 {[%emt 0:00:43]} 5. Bh4 {[%emt 0:00:04]} Nxc3 {[%emt 0:00:28]} 6. bxc3 {[%emt 0:00:01]} dxc4 {[%emt 0:00:13]} 7. e3 {[%emt 0:00:05]} Be6 {[%emt 0:00:15]} 8. Be2 {[%emt 0:00:06]} Bg7 {[%emt 0:02:04]} 9. Nh3 {[%emt 0:00:10]} Bxh3 {[%emt 0:00:16]} 10. gxh3 {[%emt 0:00:05]} Qd7 {[%emt 0:00:04]} 11. Bg4 {[%emt 0:01:16]} e6 {[%emt 0:00:07]} 12. Rb1 {[%emt 0:02:12]} c6 {[%emt 0:11:44]} 13. a4 {[%emt 0:16:30]} Na6 {[%emt 0:27:06]} 14. a5 {[%emt 0:17:55]} O-O {[%emt 0:12:30]} 15. O-O {[%emt 0:01:07]} h5 $11 {[%emt 0:04:20]} 16. Be2 {[%emt 0:08:48]} e5 {[%emt 0:01:04]} 17. Bxc4 {[%emt 0:04:09]} Qxh3 {[%emt 0:23:32]} 18. Be7 {[%emt 0:04:20]} Rfe8 {[%emt 0:02:56]} 19. Rxb7 {[%emt 0:00:49]} Rab8 {[%emt 0:00:12]} 20. Rxb8 {[%emt 0:29:53]} Rxb8 {[%emt 0:03:23]} 21. Re1 {[%emt 0:04:48]} Nc7 {[%emt 0:03:23]} 22. Bd6 {[%emt 0:00:26]} Rb2 {[%emt 0:00:48]} 1/2-1/2

[Event "20th Dubai Open 2018"]
[Site "Dubai"]
[Date "2018.04.07"]
[Round "5"]
[White "Rajdeep Sarkar"]
[Black "Makropoulou, Marina"]
[Result "1-0"]
[WhiteElo "2393"]
[BlackElo "2167"]
[Annotator "NA"]
[PlyCount "118"]
[EventDate "2018.??.??"]
[EventType "swiss"]
[EventCountry "UAE"]
[SourceTitle "playchess.com"]
[Source "ChessBase"]
[SourceQuality "1"]
[TimeControl "5400+30"]

1. Nf3 {[%emt 0:00:00]} d5 {[%emt 0:00:30]} 2. g3 {[%emt 0:00:00]} Nf6 {[%emt 0:00:44]} 3. Bg2 {[%emt 0:00:08]} g6 {[%emt 0:04:59]} 4. O-O {[%emt 0:00:11]} Bg7 {[%emt 0:00:03]} 5. d4 {[%emt 0:00:05]} O-O {[%emt 0:00:07]} 6. c4 {[%emt 0:00:03]} c6 {[%emt 0:01:00]} 7. Nbd2 {[%emt 0:00:08]} b6 {[%emt 0:08:50]} 8. b3 {[%emt 0:00:50]} Bb7 {[%emt 0:04:38]} 9. Bb2 {[%emt 0:00:10] LiveBook: 10 Games} Nbd7 {[%emt 0:01:09]} 10. Qc2 {[%emt 0:00:47]} e6 {[%emt 0:00:58] A11: English Opening: 1...c6} 11. Rac1 {[%emt 0:02:49]} (11. e4 dxe4 12. Nxe4 Qc7 13. Nxf6+ Nxf6 14. Ne5 Rad8 {1-0 (58) Kramnik,V (2812)-Caruana,F (2804) Paris 2016}) 11... a5 $146 {[%emt 0:07:06]} ({Find the theoretical novelty and annotate with similar games:} 11... Rc8) 12. a3 {[%emt 0:05:41]} Qe7 {[%emt 0:05:54]} 13. e4 {[%emt 0:02:21]} Nxe4 {[%emt 0:02:00]} 14. Nxe4 {[%emt 0:00:08]} dxe4 {[%emt 0:00:03]} 15. Qxe4 {[%emt 0:00:21]} Rab8 {[%emt 0:04:33]} 16. Qe2 {[%emt 0:13:34]} c5 {[%emt 0:02:35]} 17. Rcd1 {[%emt 0:04:38]} Rfd8 {[%emt 0:07:12]} 18. d5 {[%emt 0:09:26]} Bxb2 {[%emt 0:00:16]} 19. Qxb2 {[%emt 0:00:02]} exd5 {[%emt 0:00:14]} 20. cxd5 {[%emt 0:00:04]} Qf6 {[%emt 0:00:38]} 21. Qe2 $14 {[%emt 0:05:23]} Re8 {[%emt 0:07:58]} 22. Qb5 {[%emt 0:14:03]} Rbd8 {[%emt 0:01:16]} 23. Nd2 {[%emt 0:06:46]} Nb8 {[%emt 0:01:18]} 24. Ne4 {[%emt 0:11:14]} Rxe4 {[%emt 0:00:32]} 25. Bxe4 {[%emt 0:00:03]} Ba6 {[%emt 0:00:05]} 26. Qa4 {[%emt 0:00:03]} Bxf1 {[%emt 0:00:16]} 27. Rxf1 {[%emt 0:01:30]} Kg7 {[%emt 0:02:17]} 28. Bg2 {[%emt 0:01:45]} Nd7 {[%emt 0:00:22]} 29. h4 {[%emt 0:01:40]} h5 {[%emt 0:00:30]} 30. Re1 {[%emt 0:01:01]} Qd6 {[%emt 0:13:23]} 31. Qc4 {[%emt 0:04:54]} Nf6 {[%emt 0:00:50]} 32. Bf3 {[%emt 0:01:15]} Re8 {[%emt 0:03:15]} 33. Rd1 {[%emt 0:01:25]} Re5 {[%emt 0:01:24]} 34. Qb5 {[%emt 0:01:02]} Rf5 {[%emt 0:06:33]} 35. Qc6 {[%emt 0:01:55]} Qe5 {[%emt 0:05:55]} 36. d6 {[%emt 0:02:15]} Qc3 {[%emt 0:01:43]} 37. Kg2 {[%emt 0:01:59]} Nd7 {[%emt 0:04:32]} 38. Qe4 {[%emt 0:08:21]} Qxb3 {[%emt 0:00:53]} 39. Rd3 {[%emt 0:00:49]} Qc2 {[%emt 0:01:46]} 40. Re3 {[%emt 0:00:36]} Qxe4 {[%emt 0:00:43]} 41. Bxe4 {[%emt 0:00:08]} Rf6 {[%emt 0:00:08]} 42. Rd3 {[%emt 0:00:05]} Kf8 {[%emt 0:01:09]} 43. f4 {[%emt 0:00:47]} Ke8 {[%emt 0:00:28]} 44. Bc6 {[%emt 0:00:43]} Kd8 {[%emt 0:00:06]} 45. Bb5 {[%emt 0:00:36]} Rf5 {[%emt 0:01:29]} 46. Rd2 {[%emt 0:00:37]} Nf6 {[%emt 0:00:36]} 47. Kf3 {[%emt 0:00:33]} Rd5 {[%emt 0:00:20]} 48. Rxd5 {[%emt 0:00:07]} Nxd5 {[%emt 0:00:01]} 49. Bc4 {[%emt 0:00:05]} Nf6 {[%emt 0:00:32]} 50. Bxf7 {[%emt 0:00:05]} Kd7 {[%emt 0:00:09]} 51. Bxg6 {[%emt 0:00:16]} c4 {[%emt 0:00:04]} 52. Ke3 {[%emt 0:00:40]} b5 {[%emt 0:00:37]} 53. Kd4 {[%emt 0:00:07]} Kxd6 {[%emt 0:00:01]} 54. Bc2 {[%emt 0:01:45]} Nd5 {[%emt 0:02:04]} 55. a4 {[%emt 0:00:20]} bxa4 {[%emt 0:00:15]} 56. Bxa4 {[%emt 0:00:39]} c3 {[%emt 0:00:48]} 57. Bb3 {[%emt 0:00:22]} Ne7 {[%emt 0:00:11]} 58. Bc2 {[%emt 0:00:41]} a4 {[%emt 0:00:58]} 59. Kxc3 {[%emt 0:00:22]} Kd5 1-0

[Event "20th Dubai Open 2018"]
[Site "Dubai"]
[Date "2018.04.07"]
[Round "5"]
[White "Tissir, Mohamed"]
[Black "Erigaisi, Arjun"]
[Result "0-1"]
[WhiteElo "2381"]
[BlackElo "2481"]
[Annotator "TA"]
[PlyCount "65"]
[EventDate "2018.??.??"]
[EventType "swiss"]
[EventCountry "UAE"]
[SourceTitle "playchess.com"]
[Source "ChessBase"]
[SourceQuality "1"]

{[%evp 20,65,11,4,10,-77,-73,-59,-53,-50,-56,-65,-75,-84,-68,-85,-54,-130,-147,-147,-139,-153,-148,-183,-194,-176,-195,-200,-194,-192,-194,-183,-181,-217,-218,-227,-229,-301,-307,-294,-339,-324,-318,-320,-320,-373,-366,-367]} 1. e4 c5 2. Nf3 e6 3. d4 cxd4 4. Nxd4 Nc6 5. Nc3 Qc7 6. Nb3 a6 7. Bd3 b5 8. O-O Nf6 9. f4 d6 {B43: Sicilian: Kan Variation: 5 Nc3} 10. Qe2 (10. Qf3 Bb7 11. Bd2 Be7 12. Rae1 b4 13. Nd1 O-O 14. Qh3 g6 15. Nf2 a5 16. Be3 a4 17. Nd4 Nxd4 18. Bxd4 {1-0 (49) Tissir,M (2381)-Potkin,V (2574) Riadh 2017}) 10... Bb7 11. Bd2 {LiveBook: 4 Games} g6 {The position is equal.} 12. e5 $146 (12. a4 $11 {remains equal.} b4 13. Na2) ({Find the theoretical novelty and annotate with similar games:} 12. Rae1 Bg7 13. Qf2 O-O 14. Qh4 b4 15. Ne2 a5 16. c3 a4 17. Nbc1 a3 {0-1 (33) Schwarhofer,C (2186)-Hayrapetyan,H (2374) Kemer 2007}) 12... dxe5 $17 13. fxe5 Nd7 14. Bf4 Ncxe5 15. Be4 Bxe4 16. Qxe4 Qc6 17. a4 {[#] axb5 is the strong threat.} b4 18. Qxc6 ({White should play} 18. Qd4 $15 Qd6 19. Ne4 Qxd4+ 20. Nxd4) 18... Nxc6 19. Ne4 e5 $36 {[%mdl 2048] Black is on the roll.} 20. Bg5 f5 21. Nf6+ Nxf6 22. Bxf6 Rg8 23. Rad1 Be7 24. Bxe7 Kxe7 ({Much less strong is} 24... Nxe7 25. Na5 $17) 25. Nc5 Rgd8 26. Rxd8 Rxd8 27. Nxa6 $19 {[%mdl 4096] Endgame KRN-KRN} Ra8 28. Nc7 Rxa4 29. Rd1 Ra2 30. Nd5+ Kf7 31. Rb1 Ke6 32. c4 b3 33. Nc3 {Precision: White = 28%, Black = 89%.} 0-1

[Event "20th Dubai Open 2018"]
[Site "Dubai"]
[Date "2018.04.07"]
[Round "5"]
[White "Omar, Noaman"]
[Black "Anton Guijarro, David"]
[Result "0-1"]
[WhiteElo "2372"]
[BlackElo "2653"]
[Annotator "TA"]
[PlyCount "30"]
[EventDate "2018.??.??"]
[EventType "swiss"]
[EventCountry "UAE"]
[SourceTitle "playchess.com"]
[Source "ChessBase"]
[SourceQuality "1"]

{[%evp 18,30,0,0,8,22,18,0,0,-106,-141,-141,-164,-416,-408]} 1. d4 Nf6 2. c4 e6 3. Nf3 d5 4. Nc3 dxc4 5. e4 Bb4 6. Bxc4 {D24: Queen's Gambit Accepted: 3 Nf3 Nf6 4 Nc3} Nxe4 7. O-O Nxc3 8. bxc3 Bd6 9. Ng5 h6 10. Qh5 {[%csl Gg5][%cal Rh5f7] [#] LiveBook: 6 Games} g6 $146 ({Predecessor:} 10... O-O 11. Ne4 f5 12. Nxd6 cxd6 13. Re1 Rf6 {0-1 (56) Kuzubov,Y (2699)-Anton Guijarro,D (2666) Riadh 2017}) 11. Qh3 {Threatens to win with Re1.} Kf8 {[%cal Be8f8,Bf8g7,Bg7f7][%mdl 32]} 12. Re1 {[%cal Rg5e6] Strongly threatening Nxe6+!} Kg7 $1 13. Nxf7 (13. Ne4 $11 {remains equal.}) 13... Kxf7 $17 14. Bxh6 {[%cal Rc4e6]} Qf6 15. Re3 $2 {[#]} (15. Qe3) 15... Bf4 0-1